Power retail : winning strategies from Chapters and other leading retailers in Canada /
Why power retaillers succeed despite the odds; The basis for strategy-customer segmentation; The essence of retail differentiation-The retail value proposition...
Zapisane w:
| 1. autor: | |
|---|---|
| Kolejni autorzy: | , |
| Format: | Książka |
| Język: | English |
| Wydane: |
London :
McGraw-Hill,
2000.
|
| Hasła przedmiotowe: | |
| Etykiety: |
Dodaj etykietę
Nie ma etykietki, Dołącz pierwszą etykiete!
|
| Thư viện lưu trữ: | Mạng thư viện Đại học Đà Nẵng |
|---|
| LEADER | 01226cam a2200373 i 4500 | ||
|---|---|---|---|
| 001 | 000047572 | ||
| 003 | 7261 | ||
| 005 | 20030312162003.0 | ||
| 008 | 010322|2000 vm 000 eng | ||
| 020 | |a 0075609967 | ||
| 040 | |a IRC |c IRC |d IRC | ||
| 041 | 0 | |a eng | |
| 082 | 1 | 4 | |a 658.87 |b ST-L |
| 100 | 1 | |a Stevenson, Lawrence N. | |
| 245 | 0 | 0 | |a Power retail : |b winning strategies from Chapters and other leading retailers in Canada / |c Lawrence N. Stevenson, Joseph C. Shlesinger, Michael R. Pearce. |
| 260 | |a London : |b McGraw-Hill, |c 2000. | ||
| 300 | |a v, 254 p. : |b ill. ; |c 23cm. | ||
| 520 | 3 | |a Why power retaillers succeed despite the odds; The basis for strategy-customer segmentation; The essence of retail differentiation-The retail value proposition... | |
| 630 | 0 | 4 | |a Management. |
| 630 | 0 | 4 | |a Retail trade. |
| 650 | 0 | 4 | |a Retail trade |x Management. |
| 650 | 0 | 4 | |a Retail trade |x Management |x Case studies. |
| 700 | 1 | |a Shlesinger, Joseph C. | |
| 700 | 1 | |a Pearce, Michael R. | |
| OWN | |a DUT | ||
| 999 | |a From the UDN01 | ||
| TYP | |a Monograph | ||
| TYP | |a Printed language | ||
| 980 | |a Mạng thư viện Đại học Đà Nẵng | ||


